Modalidades de los procesos de democratización en Guatemala/

Đã lưu trong:
Chi tiết về thư mục
Nhiều tác giả của công ty: Confederación Universitaria Centroamericana, Universidad de San Carlos de Guatemala, Noruega. Ministerio de Cooperación para el Desarrollo
Định dạng: Không biết
Ngôn ngữ:Spanish
Được phát hành: Guatemala: Confederación Universitaria Centroamericana Universidad de San Carlos de Guatemala; CSUCA octubre 1988
Các nhãn: Thêm thẻ
Không có thẻ, Là người đầu tiên thẻ bản ghi này!

MARC

LEADER 00000 a2200000 04500
003 cru IIS
005 20210709095345.0
008 190916s1988 gt |r | ||spa|d
020 |q [sin ISBN] 
040 |c cru IIS  |a Centro de Recursos para el Aprendizaje y la Investigación  |b Español 
090 |a 04.04.02 P123p 
110 |a Confederación Universitaria Centroamericana  
245 |a Modalidades de los procesos de democratización en Guatemala/  |c Confederación Universitaria Centroamericana Universidad de San Carlos de Guatemala 
246 |a Proyecto Modalidades de los procesos de democratización en Centroamérica 
260 |a Guatemala:   |b Confederación Universitaria Centroamericana Universidad de San Carlos de Guatemala;  |b CSUCA  |c octubre 1988 
300 |a p. irreg  
500 |a Colección Centroamérica 
650 0 7 |0 TESAUROS 
710 |a Universidad de San Carlos de Guatemala  
710 |a Noruega. Ministerio de Cooperación para el Desarrollo  
852 1 1 |a 04.04.02 P123p 
942 |2 ddc  |c LI  |h 04.04.02 P123p  |k 04.04.02  |m P123p  |6 040402_P123P 
999 |c 42349  |d 42349